000 00355nam a2200157Ia 4500
003 OSt
005 20231209111309.0
008 170524s9999 xx 000 0 und d
020 _a9780070619852
040 _cIIMT UNIVERSITY
100 _aHughes
245 0 _aSOFTWARE PROJECT MANAGEMENT
260 _bTMH New Delhi
260 _c2008
942 _2ddc
_c02
999 _c4756
_d4756